Curso de computación e informática

-д хадгалсан:
Номзүйн дэлгэрэнгүй
Үндсэн зохиолчид: Pérez V., Víctor L (Зохиогч), Pino U., José (Зохиогч)
Формат: Ном
Хэл сонгох:испани
Хэвлэсэн: Santiago Universitaria 1983
Хэвлэл:2a. ed
Цуврал:Colección Nueva Técnica
Нөхцлүүд:
Шошгууд: Шошго нэмэх
Шошго байхгүй, Энэхүү баримтыг шошголох эхний хүн болох!

MARC

LEADER 00000nam a2200000 a 4500
001 UCU5706
003 CL-VaPUC
008 960604e19830000CL |||||||||||||||||spa|d
082 0 4 |a 004  |b PER  |2 21 
100 0 |a Pérez V., Víctor L  |e author  |9 363668 
700 0 |a Pino U., José  |e author  |9 363669 
245 1 0 |a Curso de computación e informática 
250 |a 2a. ed 
300 |a 4 v 
942 |c BK 
945 |d 19960604 00:00:00  |a paguirre 
260 |a Santiago  |b Universitaria  |c 1983 
500 |a v.1: Introducción a los computadores y su programación 
500 |a v.2: Estructuras de datos y organización de archivos 
500 |a v.3: Sistemas de administración y sistemas de información administrativos 
500 |a v.4: Etapas en el desarrollo de un sistema de información administrativo 
650 0 |a Computadores  |9 258188 
650 7 |a EQUIPO DE PROCESO DE DATOS  |2 CL-VaPUC  |9 363237 
650 7 |a HARDWARE  |2 CL-VaPUC  |9 345461 
650 7 |a BANCOS DE DATOS  |2 CL-VaPUC  |9 357059 
650 0 |a Bases de datos   |9 260577 
650 0 |a Informática   |9 260044 
650 0 |a Software  |9 387312 
583 |a last modification  |c 20150417 17:44:47  |k Rodrigo Vera 
490 0 |a Colección Nueva Técnica 
999 |c 248910  |d 248908 
952 |0 0  |1 0  |4 0  |6 004_000000000000000_PER_1983  |7 0  |8 A  |9 265855  |a BIBENE  |b BIBENE  |d 2019-11-19  |h v.1  |i 3238466  |o 004 PER 1983  |p 3238466  |r 2025-01-15  |w 2019-11-19  |y BK  |k ICO 
952 |0 0  |1 0  |4 0  |6 004_000000000000000_PER_1983  |7 0  |8 A  |9 265856  |a BIBGIM  |b BIBGIM  |d 2019-11-19  |h v.1  |i 1414232  |o 004 PER 1983  |p 1414232  |r 2025-01-15  |w 2019-11-19  |y BK  |k COM